comp arison of growth and yield on bitter gourd varitihs at royal university of agriculture ការប្រៀបធៀបទៅលើការលូតលាស់ និងទិន្នផលពូជម្រះនៅសាកលវិទ្យាល័យភូមិន្ទកសិកម្ម (Record no. 18190)

000 -LEADER
fixed length control field 00678nam a22001337a 4500
040 ## - CATALOGING SOURCE
Transcribing agency RUA
082 ## - DEWEY DECIMAL CLASSIFICATION NUMBER
Classification number AGR TOP 2016 B644 Or.1
100 ## - MAIN ENTRY--AUTHOR NAME
Personal name TOP THET តុប​ ថេត
245 ## - TITLE STATEMENT
Title comp arison of growth and yield on bitter gourd varitihs at royal university of agriculture ការប្រៀបធៀបទៅលើការលូតលាស់ និងទិន្នផលពូជម្រះនៅសាកលវិទ្យាល័យភូមិន្ទកសិកម្ម
260 ## - PUBLICATION, DISTRIBUTION, ETC. (IMPRINT)
Place of publication phnom penh
Name of publisher rua
Year of publication 2016
300 ## - PHYSICAL DESCRIPTION
Number of Pages x;43p;
Other physical details ill;
Dimensions 29cm;
856 ## - ELECTRONIC LOCATION AND ACCESS
Uniform Resource Identifier https://drive.google.com/file/d/1QEP2OKtK01fZQgdAYWdXMXc5inE6GNia/view?usp=sharing
942 ## - ADDED ENTRY ELEMENTS (KOHA)
Koha item type AGR
952 ## - LOCATION AND ITEM INFORMATION (KOHA)
Withdrawn status [LOCAL, KOHA] 0
952 ## - LOCATION AND ITEM INFORMATION (KOHA)
Withdrawn status [LOCAL, KOHA] 0
952 ## - LOCATION AND ITEM INFORMATION (KOHA)
Withdrawn status [LOCAL, KOHA] 0
952 ## - LOCATION AND ITEM INFORMATION (KOHA)
Withdrawn status [LOCAL, KOHA] 0
952 ## - LOCATION AND ITEM INFORMATION (KOHA)
Withdrawn status [LOCAL, KOHA] 0
952 ## - LOCATION AND ITEM INFORMATION (KOHA)
Withdrawn status [LOCAL, KOHA] 0
Holdings
Permanent Location Date acquired Koha item type Lost status Shelving location Barcode Current Location Full call number
Library Block B2019-08-26AGR B644A44231Library Block BAGR TOP 2016 B644 Or.1
Library Block B2019-08-26AGR B644A44376Library Block BAGR TOP 2016 B644 Or.2
Library Block B2019-08-26AGR B644A44451Library Block BAGR TOP 2016 B644 Or.3
Library Block B2019-08-26AGR B644A44306Library Block BAGR TOP 2016 B644 Or.4
Library Block B2019-08-26AGR B644A44601Library Block BAGR TOP 2016 B644 Or.5
Library Block B2019-08-26AGR B644A44381Library Block BAGR TOP 2016 B644 Or.6
មជ្ឈមណ្ឌលឯការនៃសាកលវិទ្យាល័យភូមិន្ទកសិកម្មចំការដូង

Powered by Koha